000 00421nam a22001697a 4500
999 _c526560
_d526560
003 NUST
020 _qH/B
038 _awaseem
082 _a891.4394
_bMAJ
100 _aMajeed, Shima
_914470
245 _aAdb aur Syashat /
_cShima Majeed
260 _aLahore :
_bClassical,
_c1997.
300 _a184 p. ;
880 _6100-01\r
_aشیمامجید
880 _6245-02\r
_aادب اور سیاست /
942 _2ddc
_cBK